Visualizzazione normale
Vista MARC
- Mohawk Essra
di Personal Name
Records bibliografici associati: 1
001 - CONTROL NUMBER
- control field: 20186
003 - CONTROL NUMBER IDENTIFIER
- control field: IT-RoPau
005 - DATE AND TIME OF LATEST TRANSACTION
- control field: 20140411093533.0
008 - FIXED-LENGTH DATA ELEMENTS
- fixed length control field: 140411|| aca||aabn | a|a d
040 ## - CATALOGING SOURCE
- Original cataloging agency: IT-RoPau
- Transcribing agency: IT-RoPau
100 ## - HEADING--PERSONAL NAME
- Personal name: Mohawk Essra
- Miscellaneous information: Codice autore musica SPICS: 28495
- Relator term: Autore musica
- Name of part/section of a work: Change of Heart
670 ## - SOURCE DATA FOUND
- Source citation: Work cat.: (IT-RoPau)100130: AA.VV. 794, True Colors